Finite mathematics for business, economics, life sciences, and social sciences / (Record no. 650)

MARC details
000 -LEADER
fixed length control field 01005cam a2200313 a 4500
001 - CONTROL NUMBER
control field 4453019
003 - CONTROL NUMBER IDENTIFIER
control field OSt
005 - DATE AND TIME OF LATEST TRANSACTION
control field 20250420134820.0
008 - FIXED-LENGTH DATA ELEMENTS--GENERAL INFORMATION
fixed length control field 950728s1996 njua 001 0 eng
010 ## - LIBRARY OF CONGRESS CONTROL NUMBER
LC control number 95037473
020 ## - INTERNATIONAL STANDARD BOOK NUMBER
International Standard Book Number 9780133720044
040 ## - CATALOGING SOURCE
Original cataloging agency DLC
Transcribing agency KCST
050 00 - LIBRARY OF CONGRESS CALL NUMBER
Classification number QA39.2
Item number .B367 1996
082 00 - DEWEY DECIMAL CLASSIFICATION NUMBER
Classification number 510
Edition information 20
100 1# - MAIN ENTRY--PERSONAL NAME
Personal name Barnett, Raymond A.
9 (RLIN) 5198
245 10 - TITLE STATEMENT
Title Finite mathematics for business, economics, life sciences, and social sciences /
Statement of responsibility, etc. Raymond A. Barnett, Michael R. Ziegler.
246 30 - VARYING FORM OF TITLE
Title proper/short title Finite mathematics
250 ## - EDITION STATEMENT
Edition statement 7th ed. /
Remainder of edition statement with the assistance of Karl E. Byleen.
260 ## - PUBLICATION, DISTRIBUTION, ETC.
Place of publication, distribution, etc. Upper Saddle River, NJ :
Name of publisher, distributor, etc. Prentice Hall,
Date of publication, distribution, etc. c1996.
300 ## - PHYSICAL DESCRIPTION
Extent 1 v. (various pagings) :
Other physical details ill. (some col.) ;
Dimensions 25 cm.
500 ## - GENERAL NOTE
General note Includes indexes.
650 #0 - SUBJECT ADDED ENTRY--TOPICAL TERM
Topical term or geographic name entry element Mathematics.
9 (RLIN) 408
650 #0 - SUBJECT ADDED ENTRY--TOPICAL TERM
Topical term or geographic name entry element Social sciences
General subdivision Mathematics.
9 (RLIN) 5199
650 #0 - SUBJECT ADDED ENTRY--TOPICAL TERM
Topical term or geographic name entry element Biomathematics.
9 (RLIN) 5200
700 1# - ADDED ENTRY--PERSONAL NAME
Personal name Ziegler, Michael R.
9 (RLIN) 5201
700 1# - ADDED ENTRY--PERSONAL NAME
Personal name Byleen, Karl E.
9 (RLIN) 5202
942 ## - ADDED ENTRY ELEMENTS (KOHA)
Koha item type Book
942 ## - ADDED ENTRY ELEMENTS (KOHA)
Source of classification or shelving scheme Dewey Decimal Classification
Holdings
Withdrawn status Lost status Source of classification or shelving scheme Damaged status Not for loan Home library Current library Date acquired Source of acquisition Cost, normal purchase price Total checkouts Full call number Barcode Date last seen Price effective from Koha item type
    Dewey Decimal Classification     KCST Library KCST Library 24/02/2021 Donated by Meena G. 0.00   510 Ba Fi 1000000749 24/02/2021 24/02/2021 Book
© 2025 KCST. All rights reserved